000 00412nam a22001697a 4500
005 20160614113354.0
008 160614b xxu||||| |||| 00| 0 eng d
020 _a81-7188-437-7
041 _aeng
082 _b7368
100 _aRapila, Uma
_91869
245 _aIndian Economics since independence
260 _aNew Delhi
_bAcademic Foundation,
300 _a134
650 _aManagement
_9241
942 _cBK
999 _c2623
_d2622